英雄联盟电子竞技队伍(2024版)LoL eSports Teams - Statistics

General Stats
  • This quiz has been taken 201 times
  • The average score is 27 of 78
Answer Stats
Answer % Correct
T1
94%
BLG/Bilibili Gaming
93%
EDG/EDwand Gaming
90%
GEN/Gen.G
89%
IG/Invictus Gaming
89%
JDG/JD Gaming
88%
RNG/Royal Never Give Up
86%
G2/G2 Esports
82%
TES/Top Esports
82%
WBG/Weibo Gaming
82%
LNG/LNG Esports
80%
FPX/Funplus Phoenix
78%
DK/Dplus KIA
76%
WE/Team WE
75%
AL/Anyone's Legend
74%
TT/ThunderTalk Gaming
69%
NIP/Ninjas in Pyjamas
68%
KT/KT Rolster
67%
LGD/LGD Gaming
67%
OMG/Oh My God
67%
FNC/Fnatic
66%
RA/Rare Atom
64%
HLE/Hanwha Life Esports
63%
DRX
59%
UP/Ultra Prime
58%
C9/Cloud9
56%
TL/Team Liquid
51%
GAM/GAM Esports
47%
NS/Nongshim RedForce
43%
PSG/PSG Talon
42%
BRO/OKSavingsBank BRION
34%
TS/Team Secret
32%
VIT/Team Vitality
30%
100/100 Thieves
29%
KDF/Kwangdong Freecs
29%
FLY/FlyQuest
28%
LLL/LOUD
28%
FOX/FearX
27%
RGE/Rogue
26%
SK/SK Gaming
23%
NRG
22%
BDS/Team BDS
21%
CFO/CTBC Flying Oyster
21%
KC/Karmine Crop
17%
R7/Movistar R7
17%
MDK/MAD Lions KOI
15%
RW/Rainbow Warriors
13%
TH/Team Heretics
12%
JT/J Team
11%
RED/RED Canids
10%
GX/GIANTX
9%
PNG/paiN Gaming
8%
BYG/Beyond Gaming
7%
DIG/Dignitas
7%
IMT/Immortals
7%
TW/Team Whales
7%
EST/Estral Esports
6%
FUR/FURIA
6%
SR/Shopify Rebellion
6%
ISG/Isurus
5%
ITZ/INTZ
5%
FAK/Frank Esports
4%
INF/INFINITY
4%
KBM/KaBuM! Esports
4%
VKE/Vikings Esports
4%
LEV/Leviatan
3%
TF/Team Flash
3%
VKS/Vivo Keyd Stars
3%
6K/Six Karma
2%
AK/All Knights
2%
CES/CERBERUS Esports
2%
DCG/Deep Cross Gaming
2%
FX/Fluxo
2%
LBR/Liberty
2%
LOS/Los Grandes
2%
MBE/MGN Blue Esports
2%
HPS/HELL PIGS
1%
WP/West Point Esports Philippines
1%
No matching quizzes found
Score Distribution
Percent of People with Each Score
Percentile by Number Answered
Your Score History
You have not taken this quiz